000 01510nam a2200301 i 4500
003 peliumch
005 20260304145933.0
007 ta
008 260304b |||||||| |||| 00| 0 eng d
020 _a9786124069208
040 _aUMCH
_bspa
_cUMCH
_dcrc
_erda
041 _aspa
043 _as-pe--
082 _a658.1/T37/2010
100 _aTennent, John
_eautor
245 _aGestión Financiera
_bPrincipios básicos paso a paso
_cTennent, Jhon
250 _aPrimera edición
264 _aLima, Perú,
_bProducciones Cantabria SAC
_c2010
300 _a287 p.
505 0 _g1 :
_tDefinición de negocio exitoso --
_g2 :
_tEstructuras comerciales --
_g3 :
_tEl rol del departamento de finanzas --
_g4 :
_tEstados financieros y sistemas contables --
_g5 :
_tConceptos y principios contables --
_g6 :
_tInversores --
_g7 :
_tCosto del servicio --
_g8 :
_tPrecio del producto y rentabilidad --
_g9 :
_tGestión de la cartera --
_g10 :
_tEvaluación de la inversión --
_g11 :
_tPlanificación , presupuesto e información del negocio --
_g12 :
_tCoeficientes y métricas operativos --
_g13 :
_tMercado accionario y medidas del inversor --
_g14 :
_tGestión del capital de trabajp --
_g15 :
_tInformes y estados contables publicados --
_g16 :
_tComplejidades contables.
521 _aRecomendado para un público en general.
700 _aTennent, John.
_eautor.
942 _2ddc
_cLIB
_n0
999 _c53673
_d53673